Datum a čas kvízu
39.5
Celkem bodů
Celkový počet nahraných bodů na tomto kvízu bez doplňovacích otázek.
3.
Pořadí na kvízu
Konečné umístění týmu na tomto kvízu.
Zaznamenané odpovědi
| # | Otázka | Odpověď | Body | Výsledky |
|---|---|---|---|---|
| 1. | Národní protidrogový koordinát... | Pavel Bém | 1 | |
| 2. | Dva albínští buvoli z Bangladé... | Donald Trump, Benjamin Netanjahu | 0.5 | |
| 3. | Na TV Prima má končit jistá ta... | 7 pádů Honzy Dědka | 1 | |
| 4. | Ve Francii se vydražil kus jej... | A | 1 | |
| 5. | Které dva týmy si zahrály leto... | MFK Karviná; FK Jablonec | 1 | |
| 6. | Téma začneme blbounem nejapným... | Nizozemci (Holanďané) | 0 | |
| 7. | Na které fotografii je tetluch... | A) | 0 | |
| 8. | Pro označení kohouta můžeme v... | cock | 1 | |
| 9. | U ptáků ještě zůstaneme. Pica... | straka | 1 | |
| 10. | Poslední název je spíše roztom... | střevíčník pantoflíček | 1 |